MARC details
| 000 -LEADER |
| fixed length control field |
01151nam a22002417a 4500 |
| 003 - CONTROL NUMBER IDENTIFIER |
| control field |
OSt |
| 005 - DATE AND TIME OF LATEST TRANSACTION |
| control field |
20250220163630.0 |
| 008 - FIXED-LENGTH DATA ELEMENTS--GENERAL INFORMATION |
| fixed length control field |
240828b ||||| |||| 00| 0 eng d |
| 040 ## - CATALOGING SOURCE |
| Transcribing agency |
0 |
| 082 ## - DEWEY DECIMAL CLASSIFICATION NUMBER |
| Classification number |
DPer 570 J826 2021 v. 53 n. 1-5. |
| 100 ## - MAIN ENTRY--PERSONAL NAME |
| Personal name |
Hadjichambis, Andreas Ch. |
| Relator term |
author. |
| 9 (RLIN) |
59288 |
| 245 ## - TITLE STATEMENT |
| Title |
Promoting rri and active citizenship in an inquiry-based controversial socio-scientific issue : |
| Remainder of title |
the case of cholesterol regulation with statins / |
| Statement of responsibility, etc. |
Andreas Ch. Hadjichambis, Yiannis Georgiou, Demetra Paraskeva Hadjichambi, Eleni A. Kyza, Andria Agesilaou, and Demetrios Mappouras. |
| 260 ## - PUBLICATION, DISTRIBUTION, ETC. (IMPRINT) |
| Place of publication, distribution, etc. |
United Kingdom ; |
| Name of publisher, distributor, etc. |
Taylor & Francis Group, |
| Date of publication, distribution, etc. |
November 2019. |
| 300 ## - PHYSICAL DESCRIPTION |
| Extent |
volume 53, pages 548-560, |
| Other physical details |
illustration. |
| 500 ## - GENERAL NOTE |
| General note |
Journal of Biological Education, v. 53, n. 5, pages 548-560, November 2019. |
| 700 ## - ADDED ENTRY--PERSONAL NAME |
| Personal name |
Hadjichambis, Andreas Ch. |
| Relator term |
author. |
| 9 (RLIN) |
59288 |
| 700 ## - ADDED ENTRY--PERSONAL NAME |
| Personal name |
Georgiou, Yiannis. |
| Relator term |
author. |
| 9 (RLIN) |
59289 |
| 700 ## - ADDED ENTRY--PERSONAL NAME |
| Personal name |
Hadjichambi, Demetra Paraskeva. |
| Relator term |
author. |
| 9 (RLIN) |
59290 |
| 700 ## - ADDED ENTRY--PERSONAL NAME |
| Personal name |
Kyza, Eleni A. |
| Relator term |
author. |
| 9 (RLIN) |
59291 |
| 700 ## - ADDED ENTRY--PERSONAL NAME |
| Personal name |
Agesilaou, Andria. |
| Relator term |
author. |
| 9 (RLIN) |
59292 |
| 700 ## - ADDED ENTRY--PERSONAL NAME |
| Personal name |
Mappouras, Demetrios. |
| Relator term |
author. |
| 9 (RLIN) |
59293 |
| 942 ## - ADDED ENTRY ELEMENTS (KOHA) |
| Source of classification or shelving scheme |
Dewey Decimal Classification |
| Koha item type |
Periodicals |